| 000 | 00000nas 22000008i 4500 |
| 001 | 9.898859 |
| 003 | CaOODSP |
| 005 | 20221107174948 |
| 006 | m go d f |
| 007 | cr ||||||||||| |
| 008 | 210419c20219999onczr m o f0 b0fre|d |
| 022 | |a2563-9455 |
| 040 | |aCaOODSP|bfre|erda|cCaOODSP |
| 043 | |an-cn--- |
| 086 | 1 |aFo3-4F-PDF |
| 245 | 00|aConnexion de recherches : |bles effets cumulatifs. |
| 264 | 1|a[Ottawa] : |bRessources naturelles Canada, |c2021- |
| 310 | |aIrrégulier |
| 336 | |atexte|btxt|2rdacontent/fre |
| 337 | |ainformatique|bc|2rdamedia/fre |
| 338 | |aressource en ligne|bcr|2rdacarrier/fre |
| 362 | 1 |aParaît depuis Note 1 (2021). |
| 500 | |aPublié aussi en anglais sous le titre : Research connections: cumulative effects. |
| 588 | |aDescription d'après : Note 1 (2021). |
| 588 | |aDernière livraison consultée : Note 2 (2021). |
| 650 | 6|aConservation des ressources naturelles|zCanada. |
| 710 | 1 |aCanada. |bRessources naturelles Canada, |eorganisme de publication. |
| 775 | 08|tResearch connections : |w(CaOODSP)9.898855 |